000 02318cam a22005534i 4500
003 PE-LiUPU
005 20250731165644.0
008 150616s r 000 0 d
020 _a0310410304
035 _a(Sirsi) i9780310410300
040 _aPE-LiUPU
_bspa
_cPE-LiUPU
_erda
049 _aPRUA
082 0 4 _a225.03c
_bK72
_221
100 1 _aKohlenberger III, John R.,
_eautor.
245 1 4 _aThe Exhaustive Concordance to the Greek New Testament /
_cJohn R. Kohlenberger.
264 1 _aGrand Rapids, Michigan :
_bZondervan Publishing House,
_c1995.
300 _a1056 páginas ;
_c24 centímetros
336 _atext
_2rdacontent
337 _aunmediated
_2rdamedia
338 _avolume
_2rdacarrier
505 0 _aExhaustive concordance to the greek new testament.- Index of articles, conjunctions, particles, prepositions, and pronouns.
526 _aSEG44
526 _aSEG26
526 _aP151
526 _aP150
526 _aP149
526 _aP146
526 _aP145
526 _aP126
526 _aP125
526 _aP92
526 _aP75
526 _aP74
526 _aP27
526 _aP15
630 _aBiblia.
_pA.T.
_lGriego
_vConcordancias.
700 1 _aGoodrick, Edward W.
700 1 _aSwanson, James A.
910 _ajck
_bjvq
_cjck
942 _2ddc
_cBOOK
949 _aRC 225.03C K72
_wDEWEY
_c1
_i44593
_lCCODEBUL1
_mBUL
_r0
_sY
_tBOOK
_u2015-4-23
_xTEOLOGIA
_PP35
_0COMPRA
_o.CIRCNOTE. No olvidar cambiar la fecha de devolución!!!!!!!
_o.STAFF. Colección General
949 _aRC 225.03C K72
_wDEWEY
_c2
_i41243
_lCCODEBUL1
_mBUL
_r0
_sY
_tBOOK
_u2015-6-16
_xTEOLOGIA
_PP35
_0COMPRA
_o.CIRCNOTE. No olvidar cambiar la fecha de devolución!!!!!!!
_o.STAFF. Colección General
994 _aC0
_bPEPRU
596 _a1
999 _aRC 225.03C K72
_wDEWEY
_c58906
_i44593
_d58906
_f2021-11-8
_g6
_lCCODEBUL1
_mBUL
_q6
_r1
_sY
_tBOOK
_u2015-4-23
_xTEOLOGIA
_PP35
_0COMPRA
_o.CIRCNOTE. No olvidar cambiar la fecha de devolución!!!!!!!
_o.STAFF. Colección General
999 _aRC 225.03C K72
_wDEWEY
_c2
_i41243
_d2019-8-20
_f2021-11-8
_g6
_lCCODEBUL1
_mBUL
_q7
_r1
_sY
_tBOOK
_u2015-6-16
_xTEOLOGIA
_PP35
_0COMPRA
_o.CIRCNOTE. No olvidar cambiar la fecha de devolución!!!!!!!
_o.STAFF. Colección General
980 _81
_gALBERTO SANCHEZ Responsable de Automatización